| 000 | 00740nam a2200241Ia 4500 | ||
|---|---|---|---|
| 003 | OSt | ||
| 005 | 20220926005943.0 | ||
| 006 | a|||||r|||| 00| 0 | ||
| 007 | ta | ||
| 008 | 220923b |||||||| |||| 00| 0 eng d | ||
| 037 | _cGeneral Book | ||
| 040 |
_aRTL _cRTL _beng |
||
| 041 |
_2eng _aeng |
||
| 082 | _aX9(M14).2.N50-N49t, J2 | ||
| 110 |
_aINDIA (Govt. of-), EXPERT (Committe-) _9311483 |
||
| 245 | 0 | _aReport on government of India press 1949-50 | |
| 260 |
_a New Delhi _bThe Manager Govt. of India Press _c1952 |
||
| 300 |
_a185p _ccm. |
||
| 500 | _aApp.: 56-125p | ||
| 700 |
_aINDIA (Govt. of-), EXPERT (Committe-) _9311484 |
||
| 942 |
_hX9(M14).2.N50-N49t, J2 _cGB _2CC |
||
| 999 |
_c615884 _d615884 |
||